000 00803nac a22002537a 4500
001 BR9700649
003 BR-BrBNA
005 20240105121853.0
008 230509b bl.|||m| |||| 00| 0 por d
040 _aBR-BrBNA
_bpor
_cBiblioteca Nacional de Agricultura
072 _aF01; H20
090 _a1850 BR9700649
100 1 _aKamada, S.
110 1 _aFederacao dos Clubes Agricolas do Estado de Sao Paulo, SP (Brasil)
_94654
245 1 _aCultura do tomateiro
260 3 _aSao Paulo, SP (Brasil):
_c1960.
300 _a4 p.
490 _aClubes Agricolas - Federacao dos Clubes Agricolas do Estado de Sao Paulo (Brazil)
_vno. 12
_x
650 _aTomate
650 _aPratica Cultural
650 _aDoenca de Planta
909 _a202312
_bLúcia Elande
_c55
_dLúcia Elande
942 _2AGRIS
_n0
_cMS
999 _c287952
_d287952